Guess the general challenge - Statistics

General Stats
  • This quiz has been taken 22 times
  • The average score is 10 of 15
Answer Stats
Hint Answer % Correct
only tank general in game with 100% crit ability Guderian
100%
cheapest general of the game Tito
100%
2nd best to have tank general of the game as free to play rommel
94%
general who is commonly well known for his one shot kill ability in 1939 Kluge
88%
General having 20% hp from the bio mode with artillery background zhukov
88%
overpriced purple general with most mediocre performance wittmann
81%
only free to play general to come with inferior victory brooke
69%
only tank general to have armored tactic expert katukov
69%
only free to play general to come with fighting spirit koenig
69%
only tank general as f2p to have 6 star mobility Timoshenko
69%
general whose defense depends on elite force level wavell
56%
artillery general well known to conduct multiple attacks de gaulle
50%
general having highest damage reduction potential rundstedt
44%
general which can evade 20% damage near friendly troop with crossfire yeryomenko
38%
general whose joint ability doesnt depend on number of uses Richtofen
25%
No matching quizzes found
Score Distribution
Percent of People with Each Score
Percentile by Number Answered
Your Score History
You have not taken this quiz